Sports Quiz

Random Sports Quiz

ACTUALLY GOOD LeBron James Trivia Quiz Stats

Quiz not verified by Sporcle

Challenge
Share
Tweet
Embed
Score 0/20 Timer 05:00
0 Plays Today
Hint Answer % Correct
All-Star Appearances6
99.1%
2010-2011 Jersey Number6
97.7%
2010-2011 TeamMiami Heat
94.4%
Draft Pick #1
93%
Height6' 8'
89.4%
NBA Nick-NameThe King
87.1%
Other sport in which James was All-AmericanFootball
85%
HometownAkron, Ohio
83.5%
Cavaliers lost to _____ in 2007 NBA finalsSan Antonio Spurs
82.7%
Position (Usually)Small Forward
78%
Hint Answer % Correct
Weight250 pounds
74%
Number of 50+ point games in career8
73.5%
High SchoolSt. Vincent-St. Mary
73%
Number of games high school team lost his freshman year0
71.7%
NationalityAmerican
69.2%
Most points scored in single game56
64.6%
Career number of triple doubles34
43.7%
Birth DateDecember 30th, 1984
40.7%
High School Nick-NameThe Chosen One
38.5%
2009-2010 Season Avg. (Exact)29.7
29.2%

You're not logged in!

Compare scores with friends on all Sporcle quizzes.
Sign Up with Email
OR
Log In

You Might Also Like...

Show Comments

Extras

Top Quizzes Today


Score Distribution

Your Account Isn't Verified!

In order to create a playlist on Sporcle, you need to verify the email address you used during registration. Go to your Sporcle Settings to finish the process.

Report this User

Report this user for behavior that violates our Community Guidelines.

Details: